| 000 | 00716nam a2200205 a 4500 | ||
|---|---|---|---|
| 005 | 20240416064115.0 | ||
| 008 | 991125m19921997es 000 0 spa u | ||
| 020 | _a8478690034 | ||
| 035 | _aUPN01000010259 | ||
| 049 | _aCG | ||
| 050 | 4 |
_aLB1131 _bP76 no.9 |
|
| 100 | 1 |
_aYuste Hernanz, Carlos _929510 |
|
| 245 | 1 | 0 |
_aComprensión del lenguaje. Programas para la estimulación de las habilidades de la inteligencia / _cCarlos Yuste Hernanz, Juan Miguel S. Quiroz. |
| 260 |
_aMadrid : _bCEPE, _c1992 (1997 impr.). |
||
| 300 |
_a95 p. : _bil. col. |
||
| 440 | 0 |
_aProgresint ; _v9 |
|
| 650 | 4 |
_aLenguaje y lenguas _xEstudio y enseñanza (Elemental) _97681 |
|
| 700 | 1 |
_aQuiroz, Juan Miguel S., _ecoaut. |
|
| 905 | _aLibro | ||
| 999 |
_c10259 _d10259 |
||